Sociología de la religión

Gespeichert in:
Bibliographische Detailangaben
1. Verfasser: Nottingham, Elizabeth K. (autora)
Format: Buch
Sprache:Spanisch
Veröffentlicht: Buenos Aires Paidos 1964
Schriftenreihe:Biblioteca del Hombre Contemporáneo, 53
Schlagworte:
Tags: Tag hinzufügen
Keine Tags, Fügen Sie den ersten Tag hinzu!

MARC

LEADER 00000nam a2200000 a 4500
001 UCW7321
003 CL-VaPUC
008 921027e19640000AG |||||||||||||||||spa|d
082 0 4 |a 306.6  |b NOT  |2 21 
100 |a Nottingham, Elizabeth K.  |e autora  |9 312466 
245 1 0 |a Sociología de la religión 
300 |a 193 p 
942 |c BK 
945 |d 19921027 00:00:00 
260 |a Buenos Aires  |b Paidos  |c 1964 
650 0 |a Religión y sociología  |9 312467 
583 |a last modification  |c 19921027 00:00:00  |k Rodrigo Vera 
490 0 |a Biblioteca del Hombre Contemporáneo, 53 
999 |c 220113  |d 220111 
952 |0 0  |1 0  |4 0  |6 306_600000000000000_NOT_1964  |7 0  |8 A  |9 211911  |a BIBEDU  |b BIBEDU  |d 2019-11-15  |i 2801523  |o 306.6 NOT 1964  |p 2801523  |r 2019-11-15  |w 2019-11-15  |y BK  |k EDU